Statistiques concernant Prénoms de stars - Série 15

Cliquez ici pour prendre le quiz!

Statistiques générales

  • Ce quiz a été pris 293 fois
  • Le résultat moyen est 8 sur 10

Statistiques - réponses

NomPrénom% Correct
De FunèsLouis
100%
ChabatAlain
94%
JugnotGérard
94%
BelmondoJean-Paul
92%
MontandYves
91%
CluzetFrançois
79%
BlancMichel
79%
GarciaJosé
78%
LelloucheGilles
72%
LindonVincent
67%

Distribution des résultats

Percentile par nombre de réponses

% des personnes avec chaque résultat

Votre développement - résultats

Vous n’avez pas pris ce quiz